Statistics for Top 30 Safest Countries

Click here to take the quiz!

General Stats

  • This quiz has been taken 87 times
  • The average score is 24 of 30

Answer Stats

HintAnswer% Correct
#17Norway
98%
#26Sweden
98%
#1Iceland
97%
#14Finland
95%
#12Canada
94%
#4Denmark
94%
#2New Zealand
94%
#6Portugal
94%
#3Ireland
92%
#27Australia
91%
#16Germany
89%
#11Switzerland
89%
#5Austria
88%
#22Belgium
88%
#10Japan
88%
#29Spain
88%
#8Czech Republic
86%
#21The Netherlands
85%
#25Poland
83%
#20Slovakia
83%
#7Slovenia
83%
#15Croatia
78%
#9Singapore
75%
#13Hungary
72%
#30Taiwan
60%
#24Bulgaria
57%
#23Qatar
52%
#18Malaysia
37%
#28Mauritius
31%
#19Bhutan
28%

Score Distribution

Percentile by Number Answered

Percent of People with Each Score

Your Score History

You have not taken this quiz